00489nam a2200193 a 4500001001300000003000900013005001700022008004100039020000800080082001300088100001700101245002400118260004600142300000900188500003500197505003000232650001600262700001700278nice12345678IN_TiNIC20260116012226.0050524s1973 hyda grp 000 0 hin  ac500a239bBHA aBhajjan, Sam aIslam Se Masih Tak. aHyderabad bHenry Martyn Institute c1973 a180p aincludes index and biblioraphy2 aPerson, Places and things aApologetics1 aBhajjan, Sam